00399nam a2200157Ia 4500003000900000008004100009040001600050080001300066100001700079245004100096260004800137300001100185650001400196650001700210650001400227IN-BaIIA211028s9999 xx 000 0 eng d cIIA Library a524bJEA aJeans, J. H. 0aAstronomy and cosmogonycJ. H. Jeans aCambridgebCambridge University Pressc1928 ax,420p aAstronomy aAstrophysics aCosmology